Study guide to accompany macroeconomics / (Record no. 376)

MARC details
000 -LEADER
fixed length control field 00835nam a22001697a 4500
008 - FIXED-LENGTH DATA ELEMENTS--GENERAL INFORMATION
fixed length control field 111212t xxu||||| |||| 00| 0 eng d
020 ## - INTERNATIONAL STANDARD BOOK NUMBER
International Standard Book Number 0071093095 9780071093095
050 ## - LIBRARY OF CONGRESS CALL NUMBER
Classification number HB172.R93
100 ## - MAIN ENTRY--PERSONAL NAME
Personal name Dornbusch, Rudiger
245 ## - TITLE STATEMENT
Title Study guide to accompany macroeconomics /
Statement of responsibility, etc. Rudiger Dornbusch
250 ## - EDITION STATEMENT
Edition statement 7th
260 ## - PUBLICATION, DISTRIBUTION, ETC.
Place of publication, distribution, etc. Boston:
Name of publisher, distributor, etc. McGraw Hill;
Date of publication, distribution, etc. c1997.
300 ## - PHYSICAL DESCRIPTION
Extent viii, 320 p.
Other physical details ill. (Graph)
Dimensions 28 cm
505 ## - FORMATTED CONTENTS NOTE
Formatted contents note Contents: Introduction to national income accounting -- Growth, aggregate supply-aggregate demand and the new macroeconomics -- First models -- Behavioural foundations.
650 ## - SUBJECT ADDED ENTRY--TOPICAL TERM
Topical term or geographic name entry element Political economy
General subdivision economic analyses
-- macroeconomics
-- national income
-- accounting
-- economic growth
-- accumulation
-- economic policy
-- salaries
-- price
-- unemployment
-- inflation
-- models
-- cases
942 ## - ADDED ENTRY ELEMENTS (KOHA)
Source of classification or shelving scheme Library of Congress Classification
Koha item type Books
Holdings
Withdrawn status Lost status Source of classification or shelving scheme Damaged status Not for loan Home library Current library Shelving location Date acquired Total Checkouts Full call number Barcode Date last seen Copy number Price effective from Koha item type
    Library of Congress Classification     WISCONSIN INTERNATIONAL UNIVERSITY COLLEGE, GHANA - MAIN LIBRARY WISCONSIN INTERNATIONAL UNIVERSITY COLLEGE, GHANA - MAIN LIBRARY General Stacks 12/12/2011   HB172.R93 916/11 12/12/2011 1 12/12/2011 Books
    Library of Congress Classification     WISCONSIN INTERNATIONAL UNIVERSITY COLLEGE, GHANA - MAIN LIBRARY WISCONSIN INTERNATIONAL UNIVERSITY COLLEGE, GHANA - MAIN LIBRARY General Stacks 12/12/2011   HB172.R931 917/11 12/12/2011 2 12/12/2011 Books
    Library of Congress Classification     WISCONSIN INTERNATIONAL UNIVERSITY COLLEGE, GHANA - MAIN LIBRARY WISCONSIN INTERNATIONAL UNIVERSITY COLLEGE, GHANA - MAIN LIBRARY General Stacks 12/12/2011   HB172.R932 918/11 12/12/2011 3 12/12/2011 Books
    Library of Congress Classification     WISCONSIN INTERNATIONAL UNIVERSITY COLLEGE, GHANA - MAIN LIBRARY WISCONSIN INTERNATIONAL UNIVERSITY COLLEGE, GHANA - MAIN LIBRARY General Stacks 12/12/2011   HB172.R933 919/11 12/12/2011 4 12/12/2011 Books

If you have any concerns or questions; kindly contact the library


© Powered by WIUC ICT DIRECTORATE